| 000 | 01102nam a22002417a 4500 | ||
|---|---|---|---|
| 005 | 20250904154613.0 | ||
| 010 | _aB-772835-843 ENG-146761 BACEN25 | ||
| 020 |
_a9788197765544 _c880.00 |
||
| 035 | _aB-772835-843 | ||
| 035 | _aEN-130293 | ||
| 037 | _bBharti Publication | ||
| 037 |
_bDBAD _aDPL |
||
| 082 | _a320.95 | ||
| 100 |
_aAman Bora _984838 |
||
| 245 |
_aIndia's Global Footprint : _bStrategies and challlenges in foreign policy/ _c By Aman Bora, Ajay Kumar and Devidas Vijay Bhosale |
||
| 260 |
_aNew Delhi _bBharti Publications _c2024 |
||
| 270 |
_bNew Delhi _a4819/24 2nd Floor, Mathur Lane Ansari Road, Darya Ganj, _e110002 _k011-46172797, 23247537, 9899897381 _mbhartipublications@gmail,com |
||
| 300 |
_a242p _c22cm;(hbk) |
||
| 700 |
_aAjay kumar _977688 |
||
| 700 |
_aBhosale, Devidas Vijay _977689 |
||
| 942 |
_2ddc _cEN _h320.95 _mBOR |
||
| 999 |
_c209140 _d209140 |
||